Introduction to financial management (Record no. 31414)

MARC details
000 -LEADER
fixed length control field 00475nam a2200193Ia 4500
020 ## - INTERNATIONAL STANDARD BOOK NUMBER
ISBN 9781844805624
050 ## - CALL MARK
Classification number HG 4026 .S63/
100 ## - STATEMENT OF RESPONSIBILITY--MAIN AUTHOR NAME
Personal name Smart, Scott B.
245 #0 - TITLE STATEMENT
Title Introduction to financial management
250 ## - EDITION / VOLUME STATEMENT
Edition / Volume statement 2nd ed.
260 ## - PUBLICATION, DISTRIBUTION, ETC. (IMPRINT)
Place of publication Mason
260 ## - PUBLICATION, DISTRIBUTION, ETC. (IMPRINT)
Name of publisher South-Western Cengage Learning
260 ## - PUBLICATION, DISTRIBUTION, ETC. (IMPRINT)
Year of publication 2009
300 ## - PHYSICAL DESCRIPTION
Number of Pages 656 p
650 ## - SUBJECT ADDED ENTRY--TOPICAL TERM
Topical Term Corporations_Finance
942 ## - ADDED ENTRY ELEMENTS (KOHA)
Koha item type Books
Holdings
Withdrawn status Lost status Source of classification or shelving scheme Damaged status Not for loan Permanent Location Current Location Date acquired Accession Number Price effective from Koha item type
    Library of Congress Classification     NILE UNIVERSITY OF NIGERIA - MAIN LIBRARY NILE UNIVERSITY OF NIGERIA - MAIN LIBRARY 04/23/2025 0009807 04/23/2025 Books